Easier - 5SOS (All Lyrics) - Statistics

General Stats
  • This quiz has been taken 208 times
  • The average score is 365 of 410
Answer Stats
Easier % Correct
do
100%
don't
100%
easier
100%
easier?
100%
I
100%
know
100%
stay?
100%
stay
100%
go?
99%
when
99%
to
98%
wanna
98%
ever
97%
Chorus | Intro Is
97%
it
97%
you
97%
You
97%
never
96%
that
95%
gonna
93%
And
91%
oh
91%
same
90%
Same
90%
the
90%
Bridge The
90%
change
89%
want
89%
we
89%
love
88%
your
88%
always
86%
But
86%
so
85%
hate
84%
beautiful
83%
Cause
83%
way
83%
you're
83%
You're
83%
I'm
82%
now?
82%
now
82%
any
81%
much
81%
other
80%
run
80%
Verse 1 Why
80%
away?
79%
damn
79%
hard
79%
Right
78%
in
77%
In
77%
It's
77%
place
77%
all
76%
this
76%
blame
73%
yeah
73%
Yeah
73%
gotta
72%
like
72%
friends
71%
of
71%
we're
71%
out
69%
up
69%
work
69%
Work
69%
around
68%
me
68%
really
67%
thing
67%
with
67%
can
65%
looking
64%
morning
64%
for
63%
leave
63%
air
59%
Air
59%
best
57%
breathe
55%
here
55%
say
55%
need
52%
wind
52%
fall
51%
get
50%
only
50%
part
50%
very
50%
built
48%
Verse 2 Every
48%
hardest
48%
time
46%
That's
42%
No matching quizzes found
Score Distribution
Percent of People with Each Score
Percentile by Number Answered
Your Score History
You have not taken this quiz